00225nam a2200073Ia 4500008004100000100002000041245005800061260003200119120527s9999 xx 000 0 und d aCho,C.T. et al. aPediatric infectious diseases medical outline Series. bMedical exam publishing co.